El odio como llamada al vínculo: Clínicas del exceso y de la derivación (notice n° 2209225)
[ vue normale ]
| 000 -LEADER | |
|---|---|
| fixed length control field | 01588cam a2200157 4500500 |
| 005 - DATE AND TIME OF LATEST TRANSACTION | |
| control field | 20260412000115.0 |
| 041 ## - LANGUAGE CODE | |
| Language code of text/sound track or separate title | fre |
| 042 ## - AUTHENTICATION CODE | |
| Authentication code | dc |
| 100 10 - MAIN ENTRY--PERSONAL NAME | |
| Personal name | Spöri, Tanja |
| Relator term | author |
| 245 00 - TITLE STATEMENT | |
| Title | El odio como llamada al vínculo: Clínicas del exceso y de la derivación |
| 260 ## - PUBLICATION, DISTRIBUTION, ETC. | |
| Date of publication, distribution, etc. | 2026.<br/> |
| 500 ## - GENERAL NOTE | |
| General note | 28 |
| 520 ## - SUMMARY, ETC. | |
| Summary, etc. | Cada vez son más los niños que son derivados a consulta porque sus padres, su escuela o los servicios sociales afirman que ya no pueden controlarlos. Las rabietas, los insultos, las agresiones físicas y las expresiones de odio hacen fracasar las medidas habituales. Este artículo propone analizar el odio no como un signo de patología individual, sino como la expresión de un desbordamiento relacional y social. A partir de viñetas clínicas y referencias teóricas, se muestra cómo el odio atraviesa los cuerpos, las familias y las instituciones. La hipótesis central es que la respuesta educativa actual, centrada en la gestión individualizada de las emociones, tiende a aislar los afectos, que solo cobran sentido en el vínculo. Por lo tanto, la clínica invita ya no a neutralizar el odio, sino a acogerlo como un elemento que simbolizar en un espacio compartido. El papel del terapeuta es apoyar este proceso, ofreciendo a los padres y a los niños un espacio seguro donde el odio pueda ser reconocido, reflexionado y transformado. |
| 786 0# - DATA SOURCE ENTRY | |
| Note | Cahiers de psychologie clinique | 66 | 1 | 2026-03-12 | p. 227-240 | 1370-074X |
| 856 41 - ELECTRONIC LOCATION AND ACCESS | |
| Uniform Resource Identifier | <a href="https://shs.cairn.info/revista-cahiers-de-psychologie-clinique-2026-1-page-227?lang=es&redirect-ssocas=7080">https://shs.cairn.info/revista-cahiers-de-psychologie-clinique-2026-1-page-227?lang=es&redirect-ssocas=7080</a> |
Pas d'exemplaire disponible.




Réseaux sociaux